UK Now That's What I Call Music! 65 Tracklist Quiz Stats

Quiz not verified by Sporcle

Challenge
Share
Tweet
Embed
Score 0/45 Timer 06:00
0 Plays Today
Track No. Title % Correct
1-1I Don't Feel Like Dancin'
100%
1-2Hips Don't Lie
100%
1-5Rehab
90%
1-12Ridin'
90%
1-15London Bridge
90%
2-1America
90%
2-2Chasing Cars
90%
2-7When You Were Young
90%
1-4Chelsea Dagger
80%
1-10Promiscuous
80%
1-16I Don't Need a Man
80%
1-18Me & U
80%
2-3Last Request
80%
2-15Everytime We Touch
80%
1-9SexyBack
70%
1-14Put Your Hands Up 4 Detroit
70%
1-17Sexy Love
70%
1-20Unfaithful
70%
2-4Nothing in My Way
70%
2-5Never Be Lonely
70%
2-9LDN
70%
2-10Rock Steady
70%
2-23It's All Coming Back to Me Now
70%
Track No. Title % Correct
1-3Something Kinda Ooooh
60%
1-6Wonderful World
60%
1-7Lovelight
60%
1-8Ain't No Other Man
60%
1-11Déjà Vu
60%
1-13Rock This Party (Everybody Dance Now)
60%
1-19It's Not That Easy
60%
1-21The Rose
60%
1-22Breaking Free
60%
2-6Empire
60%
2-8U + Ur Hand
60%
2-11Coming Around Again
60%
2-14Love Don't Let Me Go (Walking Away)
60%
2-17Superfreak
60%
2-18Chacarron
60%
2-19Smiley Faces
60%
2-20Star Girl
60%
2-22Jump in My Car
60%
2-12Something About You
50%
2-13Yeah Yeah
50%
2-16Borderline
50%
2-21Hey Kid
50%

You're not logged in!

Compare scores with friends on all Sporcle quizzes.
Sign Up with Email
OR
Log In

You Might Also Like...

Show Comments

Extras

Top Quizzes Today


Score Distribution

Your Account Isn't Verified!

In order to create a playlist on Sporcle, you need to verify the email address you used during registration. Go to your Sporcle Settings to finish the process.